| 000 | 01843nam0a22004091 4500 | ||
|---|---|---|---|
| 001 | RU\NLR\CVI\004495144 | ||
| 005 | 20250604174939.4 | ||
| 035 | _a(NLR Aleph) 004495144 | ||
| 035 | _av19\rc\1349497 | ||
| 090 |
_a13423631 _c13423631 |
||
| 100 | _a20060512e18621862|||y0rusy50 ca | ||
| 101 | 0 | _arus | |
| 102 | _aRU | ||
| 105 | _ay z ||||| | ||
| 200 | 1 |
_aПадение Арагонской конституции _e(Эпизод из испан. истории конца XVI в.) |
|
| 210 |
_a[Санкт-Петербург _d1862] |
||
| 215 |
_a29 с. _d25 |
||
| 300 | _aВ конце текста авт.: М. Петров | ||
| 309 | _aБез тит. л. и обл. | ||
| 311 | _aИз "Журн. М-ва нар. просвещения". 1862 г., № 7 | ||
| 316 |
_aЭкз. РНБ (КрI-6137/4) припл. к изд.: Петров, М. Могаммед. Рославский-Петровский, А. Персидские войны. Петров, М. Жанна д'Арк _5NLR: КрI-6137/4 |
||
| 482 | 0 |
_1001v19\rc\1438129 _12001#$aПерсидские войны _1700#1$aРославский-Петровский$bА.П.$gАлександр Петрович |
|
| 482 | 0 |
_1001v19\rc\1367910 _12001#$aЖанна д'Арк _1700#1$aПетров$bМ.Н.$f1826-1887$gМихаил Назарович |
|
| 488 | 0 | _12001#$aЖурнал Министерства народного просвещения$v1862, № 7 | |
| 700 | 1 |
_aПетров _bМ. Н. _f1826-1887 _gМихаил Назарович |
|
| 801 | 0 |
_aRU _bNLR _gpsbo |
|
| 801 | 0 |
_aRU _bRuMoRGB _2psbo |
|
| 801 | 1 |
_aRU _bProSoft-M _2rusmarc |
|
| 852 |
_aNLR _jКрI-6137/4 |
||
| 852 |
_aNLR _j18.8.1.134 |
||
| 899 |
_aRuMoRGB _jW 15/164 |
||
| 899 |
_aRuMoRGB _jU 126/2010 |
||
| 899 | _aНБ СПбГУ | ||
| 942 | _cBOOK | ||
| 980 | _aNB | ||
| 980 | _aKRCH | ||